Revista de la Facultad de Ciencias Económicas (Registro nro. 8727)

Detalles MARC
000 -LEADER
fixed length control field 01289nas a2200289 454500
001 - CONTROL NUMBER
control field 32987
005 - DATE AND TIME OF LATEST TRANSACTION
control field 20260407193508.0
008 - FIXED-LENGTH DATA ELEMENTS--GENERAL INFORMATION
fixed length control field 260407s1979####ag###########|||spa#d
003 - CONTROL NUMBER IDENTIFIER
control field AR-UNSa-BCEJYS
040 ## - CATALOGING SOURCE
Original cataloging agency AR-UNSa-BCEJYS
Language of cataloging spa
Transcribing agency AR-UNSa-BCEJYS
080 ## - UNIVERSAL DECIMAL CLASSIFICATION NUMBER
Universal Decimal Classification number 330
Common auxiliary subdivision Economía en general
022 ## - INTERNATIONAL STANDARD SERIAL NUMBER
International Standard Serial Number 0326-0232
041 ## - LANGUAGE CODE
Language code of text/sound track or separate title spa
100 1# - MAIN ENTRY--PERSONAL NAME
Personal name Universidad Nacional de Rosario. Facultad de Ciencias Económicas
245 10 - TITLE STATEMENT
Title Revista de la Facultad de Ciencias Económicas
Name of part/section of a work publicación de la Facultad de Ciencias Económicas de la Universidad Nacional de Rosario
264 #1 - PRODUCTION, PUBLICATION, DISTRIBUTION, MANUFACTURE, AND COPYRIGHT NOTICE
Place of production, publication, distribution, manufacture Rosario :
Name of producer, publisher, distributor, manufacturer Universidad Nacional de Rosario
Date of production, publication, distribution, manufacture, or copyright notice 1979
310 ## - CURRENT PUBLICATION FREQUENCY
Current publication frequency Frecuencia: Anual<br/>A partir del Nº 6 presenta una leve variación en el título: REVISTA DE ECONOMIA Y ADMINISTRACION<br/>A partir del Nº 10 el título varía: REVISTA DE LA FACULTAD DE CIENCIAS ECONOMICAS Y ESTADISTICA<br/>ISSN comienza a aparecer a partir del Nº10
590 ## - LOCAL NOTE (RLIN)
Local note niveau_biblio:s niveau_hierar:1
650 ## - SUBJECT ADDED ENTRY--TOPICAL TERM
Topical term or geographic name entry element Estadísticas económicas
650 ## - SUBJECT ADDED ENTRY--TOPICAL TERM
Topical term or geographic name entry element Condiciones económicas
650 ## - SUBJECT ADDED ENTRY--TOPICAL TERM
Topical term or geographic name entry element Microeconomía
650 ## - SUBJECT ADDED ENTRY--TOPICAL TERM
Topical term or geographic name entry element Macroeconomía
650 ## - SUBJECT ADDED ENTRY--TOPICAL TERM
Topical term or geographic name entry element ECONOMIA
650 ## - SUBJECT ADDED ENTRY--TOPICAL TERM
Topical term or geographic name entry element SANTA FE
856 41 - ELECTRONIC LOCATION AND ACCESS
Uniform Resource Identifier <a href="https://biblioeco.unsa.edu.ar/pmb/images/revistas/rev_fac_cs_eco_estadistica11.jpg">https://biblioeco.unsa.edu.ar/pmb/images/revistas/rev_fac_cs_eco_estadistica11.jpg</a>
Link text Imagen de portada
Electronic format type image/jpeg
942 ## - ADDED ENTRY ELEMENTS (KOHA)
Koha item type
Existencias
Withdrawn status Lost status Damaged status Not for loan Home library Current library Shelving location Date acquired Serial enumeration / chronology Total checkouts Full call number Barcode Date last seen Price effective from Koha item type
        Biblioteca Prof. Eusebio Cleto del Rey Biblioteca Prof. Eusebio Cleto del Rey   01/11/1999 Nº 11 - nov. 1999   H330 UNR 11 R16433 10/04/2026 10/04/2026 Numero
        Biblioteca Prof. Eusebio Cleto del Rey Biblioteca Prof. Eusebio Cleto del Rey   01/07/1989 Nº 8 - jul. 1989   H330 UNR 8 R16432 10/04/2026 10/04/2026 Numero
        Biblioteca Prof. Eusebio Cleto del Rey Biblioteca Prof. Eusebio Cleto del Rey   01/11/1983 Nº 6 - nov. 1983   H330 UNR 6 R16431 10/04/2026 10/04/2026 Numero
        Biblioteca Prof. Eusebio Cleto del Rey Biblioteca Prof. Eusebio Cleto del Rey   01/10/1982 Nº 5 - oct. 1982   H330 UNR 5 R16430 10/04/2026 10/04/2026 Numero
        Biblioteca Prof. Eusebio Cleto del Rey Biblioteca Prof. Eusebio Cleto del Rey   01/12/1981 Nº 4 - dic. 1981   H330 UNR 4 R16429 10/04/2026 10/04/2026 Numero
        Biblioteca Prof. Eusebio Cleto del Rey Biblioteca Prof. Eusebio Cleto del Rey   01/07/1981 Nº 3 - jul. 1981   H330 UNR 3 R16428 10/04/2026 10/04/2026 Numero
        Biblioteca Prof. Eusebio Cleto del Rey Biblioteca Prof. Eusebio Cleto del Rey   01/12/1980 Nº 2 - dic. 1980   H330 UNR 2 R16426 10/04/2026 10/04/2026 Numero
        Biblioteca Prof. Eusebio Cleto del Rey Biblioteca Prof. Eusebio Cleto del Rey   01/12/1979 Nº 1 - dic. 1979   H330 UNR 1 R16425 10/04/2026 10/04/2026 Numero